000 00187nam a2200085Ia 4500
008 170617s9999 xx 000 0 und d
100 _aAriens
245 0 _aMedicinal Chemistry
260 _bElesvir Pub
260 _c2009
999 _c15392
_d15392